| 000 -CABECERA |
| campo de control de longitud fija |
01252nam a22003131a 4500 |
| 001 - NÚMERO DE CONTROL |
| campo de control |
000019829 |
| 005 - FECHA Y HORA DE LA ÚLTIMA TRANSACCIÓN |
| campo de control |
20200120222036.0 |
| 008 - DATOS DE LONGITUD FIJA--INFORMACIÓN GENERAL |
| campo de control de longitud fija |
011220s1990 mx a gr 000 0 spa d |
| 020 ## - NÚMERO INTERNACIONAL ESTÁNDAR DEL LIBRO |
| Número Internacional Estándar del Libro |
968243663X |
| 082 04 - NÚMERO DE LA CLASIFICACIÓN DECIMAL DEWEY |
| Número de clasificación |
636.3 |
| Número de documento/Ítem |
O84 |
| 245 00 - MENCIÓN DE TÍTULO |
| Título |
Ovinos / |
| Mención de responsabilidad, etc. |
basado en el trabajo de : Johan H. Koeslag; con la colaboración de : F. Kirchner Salinas... [et al] ; redaccion y revisión de : F. Orozco Luna, Johan D. Berlijn. |
| 250 ## - MENCIÓN DE EDICIÓN |
| Mención de edición |
2a. ed. |
| 260 ## - PUBLICACIÓN, DISTRIBUCIÓN, ETC. |
| Lugar de publicación, distribución, etc. |
México : |
| Nombre del editor, distribuidor, etc. |
Trillas, |
| Fecha de publicación, distribución, etc. |
1990. |
| 300 ## - DESCRIPCIÓN FÍSICA |
| Extensión |
94p. : |
| Otras características físicas |
il. |
| 490 0# - MENCIÓN DE SERIE |
| Mención de serie |
Manuales para educación agropecuaria : producción animal. |
| Designación de volumen o secuencia |
3 |
| 500 ## - NOTA GENERAL |
| Nota general |
Ejemplar En Biblioparque Funza: Colección Proveniente De La Antigua Biblioteca Municipal, Centro Cultural Bacatá, Funza (Cundinamarca). ; 1a. ed., 6a. reimpresión 1988, Con ISBN. 968241170x. |
| 500 ## - NOTA GENERAL |
| Nota general |
Libro donado por la Secretaría de Educación de Bogotá |
| 500 ## - NOTA GENERAL |
| Nota general |
5a. reimpresión de 1999 |
| 650 14 - PUNTO DE ACCESO ADICIONAL DE MATERIA--TÉRMINO DE MATERIA |
| Término de materia o nombre geográfico como elemento de entrada |
Ovejas |
| 650 24 - PUNTO DE ACCESO ADICIONAL DE MATERIA--TÉRMINO DE MATERIA |
| Término de materia o nombre geográfico como elemento de entrada |
Ganado lanar. |
| 650 24 - PUNTO DE ACCESO ADICIONAL DE MATERIA--TÉRMINO DE MATERIA |
| Término de materia o nombre geográfico como elemento de entrada |
Hábitos alimentación de los animales. |
| 650 24 - PUNTO DE ACCESO ADICIONAL DE MATERIA--TÉRMINO DE MATERIA |
| Término de materia o nombre geográfico como elemento de entrada |
Lana. |
| 650 24 - PUNTO DE ACCESO ADICIONAL DE MATERIA--TÉRMINO DE MATERIA |
| Término de materia o nombre geográfico como elemento de entrada |
Establos. |
| 650 24 - PUNTO DE ACCESO ADICIONAL DE MATERIA--TÉRMINO DE MATERIA |
| Término de materia o nombre geográfico como elemento de entrada |
Reproducción animal. |
| 700 1# - PUNTO DE ACCESO ADICIONAL--NOMBRE DE PERSONA |
| Nombre de persona |
Koeslag, Johan M. |
| 700 1# - PUNTO DE ACCESO ADICIONAL--NOMBRE DE PERSONA |
| Nombre de persona |
Kirchner Salinas, F. |
| 700 1# - PUNTO DE ACCESO ADICIONAL--NOMBRE DE PERSONA |
| Nombre de persona |
Orozco Luna F., |
| Término indicativo de función/relación |
revisor. |
| 700 1# - PUNTO DE ACCESO ADICIONAL--NOMBRE DE PERSONA |
| Nombre de persona |
Berlijn, Johan D., |
| Término indicativo de función/relación |
revisor. |